书目信息 |
| 题名: |
崩溃的黄土地
|
|
| 作者: | 张健雄 著 | |
| 分册: | ||
| 出版信息: | 北京 学苑出版社 1989.3 |
|
| 页数: | 140页 | |
| 开本: | 19cm | |
| 丛书名: | 经济学者对社会的警告 | |
| 单 册: | ||
| 中图分类: | D6-51 | |
| 科图分类: | ||
| 主题词: | 政治--中国--丛书 | |
| 电子资源: | ||
| ISBN: | 7-80060-315-6 | |
| 000 | 00751nam2 2200241 45 | |
| 001 | 0189000167 | |
| 005 | 20050623155230.2 | |
| 010 | @a7-80060-315-6@dCNY1.75 | |
| 100 | @a19900806d1989 m y0chiy0120 ea | |
| 101 | 0 | @achi |
| 102 | @aCN@b110000 | |
| 105 | @ay z 000yy | |
| 200 | 10 | @a崩溃的黄土地@Abeng kui de huang tu di@f张健雄著@Fzhang jian xiong zhu |
| 210 | @a北京@c学苑出版社@d1989.3 | |
| 215 | @a140页@d19cm | |
| 225 | 2 | @a经济学者对社会的警告@f韩朝华主编 |
| 330 | @a本书研究了我国的生态环境,以及当今中国经济所面临的最具紧迫、根本性和危机性的问题。 | |
| 410 | 0 | @120010@a经济学者对社会的警告 |
| 606 | 0 | @a政治@x中国@x丛书 |
| 690 | @aD6-51@v3 | |
| 701 | 0 | @a张健雄@4著 |
| 801 | 0 | @aCN@bNLC@c19900806 |
| 905 | @dD6-51@e30:1@f1@b257118 | |
| 崩溃的黄土地/张健雄著.-北京:学苑出版社,1989.3 |
| 140页;19cm.-(经济学者对社会的警告/韩朝华主编) |
| ISBN 7-80060-315-6:CNY1.75 |
| 本书研究了我国的生态环境,以及当今中国经济所面临的最具紧迫、根本性和危机性的问题。 |
| ● |
| 相关链接 |
|
|
|
|
正题名:崩溃的黄土地
索取号:D6-51/30:1
 
预约/预借
| 序号 | 登录号 | 条形码 | 馆藏地/架位号 | 状态 | 备注 |
| 1 | 0257116 | 000484470 | 密集书库/ [索取号:D6-51/30:1] | 在馆 | |
| 2 | 0257117 | 000484452 | 密集书库/ [索取号:D6-51/30:1] | 在馆 | |
| 3 | 0257118 | 000484461 | 第一样本阅览室/ [索取号:D6-51/30:1] | 在馆 |